000 00570nam a2200205Ia 4500
005 20250923145403.0
008 008 250917s9999 xx 000 0 eng d
037 _aTextual
040 _aDSWL
_beng
_cDSWL
041 _aeng
_2eng
084 _aQx213, N63
_qDSWL
100 _aSastri, Kan
_9834768
245 0 _aDevelopment of religion in South India
_c by Kan Sastri
260 _aBombay
_bOrient Longmans
_c1963
300 _a148 p.
365 _aINR
_b8 . 0
925 _g8 . 0
942 _cTEXL
_hQx213, N63
999 _c1450759
_d1450759